000 00674nam a2200289Ia 4500
005 20260324144830.0
008 008 260324s9999 xx 000 0 eng d
020 _a9780429284472
037 _aEBOOK
040 _aCRL
040 _beng
040 _cCRL
041 _2eng
041 _aeng
084 _qCRL
100 _aMarcus G. Raskin
_91216339
245 4 _aThe Common Good
245 0 _bIts Politics, Policies and Philosophy
260 _bTaylor and Francis
260 _c1986
365 _a
365 _b205
856 _uhttp://www.taylorfrancis.com/books/9780429284472
942 _cEBOOK
999 _c1827878
_d1827878